• 首页
  • 本馆介绍
  • 公告通知
  • 最新文献
  • 馆藏检索
  • 电子资源
  • 读者导购
  • 参考咨询
  • 我的图书馆
  • 登录
  • 详细信息显示
  • 放入我的书架
  • 预约/预借图书
  • 作者相关作品
  • 分类相关作品
  • 丛书相关作品
  • 出版社相关作品

书目信息

  • 表格格式
  • 工作单格式
  • 卡片格式
题名:
环境损害责任法律理论与实证分析研究
    
 
作者: 樊杏华 著
分册:  
出版信息: 北京   人民日报出版社  2015.4
页数: 198页
开本: 24cm
丛书名:
单 册:
中图分类: D922.684
科图分类:
主题词: 环境保护法--Huan Jing Bao Hu Fa--研究--中国 , 研究--Yan Jiu , 中国--Zhong Guo
电子资源:
ISBN: 978-7-5115-3046-2
000 01018nam0 22002531 450
001 349971
005 20161008170040.70
010    @a978-7-5115-3046-2@b精装@dCNY68.00
100    @a20150219d2015 em y0chiy0110 ea
101 0  @achi
102    @aCN@b110000
105    @ay z 000yy
106    @ar
200 1  @a环境损害责任法律理论与实证分析研究@AHuan Jing Sun Hai Ze Ren Fa Lv Li Lun Yu Shi Zheng Fen Xi Yan Jiu@f樊杏华著
210    @a北京@c人民日报出版社@d2015.4
215    @a198页@d24cm
330    @a环境污染与生态破坏是制约中国经济社会可持续发展的重大问题。本书的分析研究缘起于此背景。通过对我国环境损害的严峻现实的分析,以及环境损害责任法律理论和实践存在问题的研究,探讨构建完善的环境损害责任法律制度,为环境损害赔偿的顺利开展,提供理论支撑和制度支持。
606 0  @a环境保护法@AHuan Jing Bao Hu Fa@x研究@y中国
606 0  @a研究@AYan Jiu
606 0  @a中国@AZhong Guo
690    @aD922.684@v5
701  0 @a樊杏华@AFan Xing Hua@4著
801  0 @aCN@bTANGWEI@20160802
905    @b0887680-4@dD922.684@e1355@f5
    
    环境损害责任法律理论与实证分析研究/樊杏华著.-北京:人民日报出版社,2015.4
    198页;24cm
    
    
    ISBN 978-7-5115-3046-2(精装):CNY68.00
    环境污染与生态破坏是制约中国经济社会可持续发展的重大问题。本书的分析研究缘起于此背景。通过对我国环境损害的严峻现实的分析,以及环境损害责任法律理论和实践存在问题的研究,探讨构建完善的环境损害责任法律制度,为环境损害赔偿的顺利开展,提供理论支撑和制度支持。
●
相关链接 在E读中查询图书 在五车中查询图书 在当当中查询图书 在豆瓣中查询图书


正题名:环境损害责任法律理论与实证分析研究     索取号:D922.684/1355         预约/预借

序号 登录号 条形码 馆藏地/架位号 状态 备注
1 0887680   208876803   第一样本阅览室/ [索取号:D922.684/1355] 在馆    
2 0887681   208876812   密集书库-史法系/ [索取号:D922.684/1355] 在馆    
3 0887682   208876821   第一借阅区/ [索取号:D922.684/1355] 在馆    
4 0887683   208876830   第一借阅区/ [索取号:D922.684/1355] 在馆    
5 0887684   208876849   第一借阅区/ [索取号:D922.684/1355] 在馆    
唐山师范学院图书馆 欢迎您!
大连网信软件有限公司© 版权所有